<?xml version="1.0" encoding="UTF-8"?><?xml-stylesheet type="text/xsl" href="static/style.xsl"?><OAI-PMH xmlns="http://www.openarchives.org/OAI/2.0/" xmlns:xsi="http://www.w3.org/2001/XMLSchema-instance" xsi:schemaLocation="http://www.openarchives.org/OAI/2.0/ http://www.openarchives.org/OAI/2.0/OAI-PMH.xsd"><responseDate>2026-06-02T01:32:54Z</responseDate><request verb="GetRecord" identifier="oai:riuma.uma.es:10630/19786" metadataPrefix="marc">https://riuma.uma.es/rest/oai/request</request><GetRecord><record><header><identifier>oai:riuma.uma.es:10630/19786</identifier><datestamp>2026-02-03T12:47:10Z</datestamp><setSpec>com_10630_2254</setSpec><setSpec>col_10630_37957</setSpec></header><metadata><record xmlns="http://www.loc.gov/MARC21/slim" xmlns:dcterms="http://purl.org/dc/terms/" xmlns:doc="http://www.lyncode.com/xoai" xmlns:xsi="http://www.w3.org/2001/XMLSchema-instance" xsi:schemaLocation="http://www.loc.gov/MARC21/slim http://www.loc.gov/standards/marcxml/schema/MARC21slim.xsd">
   <leader>00925njm 22002777a 4500</leader>
   <datafield ind2=" " ind1=" " tag="042">
      <subfield code="a">dc</subfield>
   </datafield>
   <datafield ind2=" " ind1=" " tag="720">
      <subfield code="a">Torróntegui-Duarte, Marcelino</subfield>
      <subfield code="e">author</subfield>
   </datafield>
   <datafield ind2=" " ind1=" " tag="260">
      <subfield code="c">2020-09-14</subfield>
   </datafield>
   <datafield ind2=" " ind1=" " tag="520">
      <subfield code="a">Introducción &#xd;
Las lesiones en el futbol profesional es uno de los problemas mas determinantes para los jugadores, por su repercusión tanto a nivel físico como psicológico. Determinar las variables que afectan a las mismas, y su epidemiologia, es una de las áreas mas estudiadas dentro de este deporte, aunque no con una cohorte de jugadores durante un periodo de 3 años consecutivamente o 18 años de seguimiento.&#xd;
Para nuestro estudio se ha descrito la casuística de lesiones de jugadores por posición del jugador y la casuística de la lesión y por ultimo, se ha estudiado la relación entre tiempo de juego y tiempo de entrenamiento, con la casuística de lesiones, tanto en un estudio transversal como en uno longitudinal.&#xd;
Metodo&#xd;
La población de estudio fue una cohorte del Málaga Futbol Club (MFC), con un seguimiento de 18 temporadas consecutivas (1999-2017). Una muestra de 221 jugadores fue seguida tanto a nivel transversal y otro a nivel longitudinal que fue un periodo 3 años, analizando un total de 71, que fueron los que de manera continuada, estuvieron en el equipo. La definición de lesión y el tipo estuvo basado en el Injury Consensus Group (IGP) para lesiones de futbol por Fuller et al.&#xd;
Resultados&#xd;
Del total de los 71 jugadores analizados en el estudio longitudinal, un total de 357 lesiones se observaron en la corte, donde el 40,3% de las lesiones fueron en la pierna, seguido de la rodilla con el 18,2%. Las lesiones medias por jugador fueron de 5.97(desviación estándar 5,87) por partido y 0,23(DE 0,22) por entrenamiento con una duración media de 14.93 días.&#xd;
Conclusiones&#xd;
La diferencia en la incidencia de lesiones se encontró de acuerdo con la posición del portero y el resto. Este estudio destacó una variación significativa en la incidencia de lesiones durante un período de 3 temporadas. Las incidencias de entrenamiento y lesiones en los partidos fueron estables durante las tres temporadas.</subfield>
   </datafield>
   <datafield ind1="8" ind2=" " tag="024">
      <subfield code="a">https://hdl.handle.net/10630/19786</subfield>
   </datafield>
   <datafield tag="653" ind2=" " ind1=" ">
      <subfield code="a">Fútbol</subfield>
   </datafield>
   <datafield tag="653" ind2=" " ind1=" ">
      <subfield code="a">Deportistas - Lesiones y heridas</subfield>
   </datafield>
   <datafield tag="653" ind2=" " ind1=" ">
      <subfield code="a">Aparato locomotor - Lesiones y heridas</subfield>
   </datafield>
   <datafield tag="653" ind2=" " ind1=" ">
      <subfield code="a">Epidemiología - Investigación</subfield>
   </datafield>
   <datafield ind2="0" ind1="0" tag="245">
      <subfield code="a">Prevalencia, incidencia y factores de riesgo de lesiones de fútbol en un club de primera división española: un estudio observacional transversal y longitudinal</subfield>
   </datafield>
</record>
</metadata></record></GetRecord></OAI-PMH>